Responses for Show #3636 - Monday, May 29, 2000

Contestants

[<< previous game]

Ginny Reynolds, a writer and production coordinator from Patterson, New York

Greg Giles, an actor from Minneapolis, Minnesota

Steve Throneberry, a first-year law student from Santa Ana, California (whose 1-day cash winnings total $5,601)

[next game >>]

Jeopardy! Round responses

MYTH
FIRST NAME'S THE SAME
SONGS' OPENING LINES
(Alex: You have to give the song title.)
1989
FIRE
EVERYTHING'S COMING UP "ROSE"S
    $100 26
Romulus

Ginny
    $100 3
Gloria

Ginny
    $100 21
"Copacabana"

Steve
    $100 1
Berlin Wall

Ginny
    $100 10
Windsor Castle

Greg
    $100 4
rose-colored glasses

Greg
    $200 27
Argonauts

Greg
    $200 17
Jackie

Ginny
    $200 22
"Proud Mary"

Greg
    $200 2
Mars

Steve
    $200 13
Jim Morrison

Ginny
    $200 6
Rosebud

Steve
    $300 28
Zeus

Triple Stumper
    $300 18
Guy

Greg
    $300 23
(Steve: What is the "Y.M.C.A."?)

"Macho Man"

Steve
Triple Stumper
    $300 5
Ayatollah Khomeini

Ginny
    $300 14
Yellowstone

Steve
    $300 7
Pete Rose

Ginny
    $400 29
rainbow

Greg
    $400 19
Isaac

Ginny
    $400 24
"In My Life"

Ginny
    $500 11
France

Greg
    $400 15
Library of Alexandria

Greg
    $400 8
my wild Irish rose

Ginny
    $500 30
Cassandra

Ginny
    $500 20
Toni

Greg
    $500 25
(Ginny: What is [*]?)
(Alex: Thank you. I'm glad I do.)
[Laughter]

"(You Make Me Feel Like) A Natural Woman"

Ginny
    $500 12
Candlestick Park

Greg
    $500 16
(Ginny: Who is Juno?)

Vesta

Ginny
Triple Stumper
    $500 9
a bed of roses

Ginny

Scores at the first commercial break (after clue 14):

Steve Greg Ginny
$700 $1,200 $1,900

Scores at the end of the Jeopardy! Round:

Steve Greg Ginny
$500 $3,200 $3,500

Double Jeopardy! Round responses

OTTOMAN EMPERORS
"B" MOVIES
ON THE GULF OF MEXICO
MY MAINE MAN
1999 BOOKS
RHYMES WITH WORLD
    $200 15
Islam

Greg
    $200 1
The Blob

Greg
    $200 10
Alabama

Ginny
    $200 6
Stephen King

Greg
    $200 21
(Greg: Who is [*]'s mom?)

Ellen DeGeneres

Greg
    $200 8
hurled

Steve
    $400 16
the Conqueror

Steve
    $400 2
Barbarella

Steve
    $400 11
Naples

Ginny
    $400 7
E.B. White

Ginny
    $400 22
Joy Behar

Greg
    $400 9
twirled (or curled)

Ginny
    $600 28
[The end-of-round signal sounds.]

Mesa (Musa)

Ginny
    $1,000 3
Blacula

Steve
    $600 12
"Galveston"

Ginny
    $600 17
David E. Kelley

Steve
    $600 23
Maeve Binchy

Steve
    $600 20
(Steve: What is burled?)
(Greg: What is twirled?)
(Ginny: What is curled?)
[Ginny's response was ruled incorrect and the decision was reversed after 1999 BOOKS $600 was played.]

furled (curled)

SteveGregGinny
    $800 4
Big Bad Mama

Greg
    $800 13
Louisiana

Ginny
    $800 18
Hannibal Hamlin

Greg
    $800 25
Jackie Collins

Triple Stumper
    $800 24
(Greg: What is pearled?)

knurled

Greg
Triple Stumper
    $1000 5
(Steve: What is Beyond Valley of the Dolls?)

Beyond the Valley of the Dolls

Steve
Triple Stumper
    $500 14
(Ginny: My friends at home want me to say "Bet the wad!", but I can't... I will.)
(Alex: [Speaking over Ginny] Bet the wad? [Alex laughed])
(Ginny: I will bet $500.)
(Alex: That's quite a distance from "bet the wad", Ginny.)
(Ginny: Small wad.)
...
(Ginny: I don't know.)
(Alex: Aren't you glad you bet a small wad?)

Veracruz

Ginny
    $1000 19
Winslow Homer

Greg
    $1000 26
(Greg: What is No Way Out?)

Glamorama

Greg
Triple Stumper
    $1000 27
(Ginny: What is unfurled?)

burled

Ginny
Triple Stumper

Scores at the end of the Double Jeopardy! Round:

Steve Greg Ginny
$2,100 $4,600 $6,000

[wagering suggestions for these scores]

Final Jeopardy! Round responses

WORLD CITIES
SteveWhat is Athens?
$1,400
GregWhat is Athens, Greece
$4,600
GinnyWhat is Athens?
$4,000
Athens

Final scores:

Steve Greg Ginny
$3,500 $9,200 $10,000
3rd place: Samsung World Wide hi-fi stereo VCR 2nd place: trip to Puerto Vallarta and stay at Sheraton Buganvilias Resort New champion: $10,000

Game dynamics:

Coryat scores:

Steve Greg Ginny
$1,700 $4,500 $6,500
10 R
(including 1 DD),
3 W
18 R
(including 1 DD),
3 W
21 R,
3 W
(including 1 DD)

Combined Coryat: $12,700

[game clues] [game scores] [suggest correction]

Game tape date: 2000-02-28
The J! Archive is created by fans, for fans. Scraping, republication, monetization, and malicious use prohibited; this site may use cookies and collect identifying information. See terms. The Jeopardy! game show and all elements thereof, including but not limited to copyright and trademark thereto, are the property of Jeopardy Productions, Inc. and are protected under law. This website is not affiliated with, sponsored by, or operated by Jeopardy Productions, Inc. Join the discussion at JBoard.tv.